000 00697nam a22002177a 4500
003 OSt
005 20260130052338.0
008 260130b |||||||| |||| 00| 0 eng d
020 _a978-97127-1943-1
040 _aDWCL-Main Lib
_cOC
082 _aFil. 899.2103083 M266 2008
100 _aBarry, Goeli
245 _aThe many ways of being Muslim : fiction by Muslim Filipinos
260 _aPasig City :
_bAnvil Publishing,
_cc2008.
300 _axiv , 198 p. ;
_c23 cm.
504 _a1.Includes references.
650 _aMuslims - Philippines - Fiction.
650 _aMuslims in literature.
650 _aShort stories, Philippine (English) - Muslim authors.
942 _2ddc
_cBK-FIL
_mFil.
_n0
999 _c8027
_d8027